000 00747nam a2200205Ia 4500
003 GCL
008 140319s9999 xx 000 0 ara d
040 _aGCL /
_cGCL
082 0 4 _a973.926
_bب ا
100 1 _aفيليب عطية
245 1 0 _aامريكاU. S. A (ثلاثية): خط عرض 42 (هدية من الاديب عبدالفتاح الجمل) /
_cفيليب عطية
700 1 _aباسوس، جون دوس
300 _a369 ص
490 _aالهيئة العامة للاستعلامات
_v0
650 0 4 _aالاحوال الاجتماعية
650 0 4 _aالاحوال السياسية
650 0 4 _aالولايات المتحدة الامريكية
650 0 4 _aالعصر الحديث - تاريخ
942 _2ddc
_cBK
999 _c46990
_d46990